| 000 | 01001nam a2200265Ia 4500 | ||
|---|---|---|---|
| 003 | OSt | ||
| 005 | 20220923222218.0 | ||
| 006 | a|||||r|||| 00| 0 | ||
| 007 | ta | ||
| 008 | 220922b |||||||| |||| 00| 0 hin d | ||
| 024 | _a203,764 | ||
| 037 | _cTextual | ||
| 040 |
_aARTS _cARTS _bhin |
||
| 041 |
_2hin _ahin |
||
| 082 | _aO158,1I89w, 152M6 | ||
| 100 |
_aशर्मा, सत्येन्द्रनाथ; कुशवाहा, आनंद, अनु. _9166339 |
||
| 245 | 0 | _aमाधवदेव | |
| 246 | _aMādhavadeva | ||
| 260 |
_aनई दिल्ली _b साहित्य अकादमी _c1986 |
||
| 300 |
_a71पृ. _ccm. |
||
| 490 | _aभारतीय साहित्य के निर्माता | ||
| 650 | _aअसमी कहानी | ||
| 942 |
_hO158,1I89w, 152M6 _cTEXL _2CC |
||
| 999 |
_c354514 _d354514 |
||